Intimate relationships, marriages, and families (Record no. 2530)

MARC details
000 -LEADER
fixed length control field 01267cam a2200157 a 4500
020 ## - INTERNATIONAL STANDARD BOOK NUMBER
ISBN 0767402111
050 00 - CALL NUMBER
Classification number HQ10.5.U6
Item number R53
100 1# - AUTHOR
Personal name Rice, F. Philip.
245 10 - TITLE
Title Intimate relationships, marriages, and families
Statement of responsibility, etc F. Philip Rice.
250 ## - EDITION
Edition statement 4th ed.
260 ## - PUBLICATION INFORMATION
Place of publication Mountain View, CA :
Name of publisher Mayfield Pub. Co.,
Year of publication c1999.
300 ## - DESCRIPTION
Number of Pages xxiii, 680 p. :
Other physical details ill. ;
Dimensions 24 cm.
500 ## - NOTES
General note Chapter 1. Intimate relationships, marriages, and families in the 21st century. <br/>Chapter 2. Class, Cultural and Ethnic Differences in families<br/>Chapter 3. Family Backgrounds and how they influence us<br/> Chapter 4. Being Single<br/><br/>Chapter 5. Individual Theories of Delinquency: Choice and Trait Explanations <br/>Chapter 6. Sociological Theory: Cultural Deviance, Strain, and Social Control Explanations<br/> Chapter 7. Sociological Theory: Labeling and Conflict Explanations <br/>Chapter 8. Developmental and Life Course Theories <br/>Chapter 9. Female Delinquency Theories <br/>Chapter 10. The Family and Delinquency <br/>Chapter 11. Schools and Delinquency <br/>Chapter 12. Peer Group and Gang Delinquency <br/>Chapter 13. Police and Delinquency<br/> Chapter 14. The Juvenile Court <br/>Chapter 15. Juvenile Corrections Appendix Constitutional Due Process:<br/>
650 #0 - SUBJECTS
Topical Term Family life education
942 ## - ADDED ENTRY ELEMENTS (KOHA)
Koha item type Books
Holdings
Withdrawn status Lost status Home library Current library Shelving location Date acquired Full call number Accession Number Copy number Koha item type
    Methodist University Library Tema Methodist University Library Tema General Stacks 16/09/2003 HQ10.5.U6 R53 21298 1 Books
    Methodist University Library Tema Methodist University Library Tema General Stacks 16/09/2003 HQ10.5.U6 R53 21299 2 Books
    Methodist University Library Tema Methodist University Library Tema General Stacks 16/09/2003 HQ10.5.U6 R53 21301 3 Books
Copyright © 2026  MUG Library